True or False: Has a Woman Ever Been the Leader? - Statistics

General Stats
  • This quiz has been taken 142 times
  • The average score is 11 of 15
Answer Stats
Question Answer % Correct
President of the United States of America False
100%
Prime Minister of New Zealand True
96%
Prime Minister of the United Kingdom True
89%
Prime Minister of India True
86%
Prime Minister of Australia True
79%
Pharaoh of Egypt True
79%
President of France False
75%
Prime Minister of Singapore False
75%
Prime Minister of Italy True
71%
Prime Minister of Pakistan True
68%
Prime Minister of Japan False
61%
Prime Minister of Israel True
61%
President of the Philippines True
61%
Prime Minister of Canada True
46%
President of Mexico False
36%
No matching quizzes found
Score Distribution
Percent of People with Each Score
Percentile by Number Answered
Your Score History
You have not taken this quiz